Theory of economics: an introductory exposition of econometric methods / (Record no. 331)

MARC details
000 -LEADER
fixed length control field 00747nam a22001817a 4500
008 - FIXED-LENGTH DATA ELEMENTS--GENERAL INFORMATION
fixed length control field 111208t xxu||||| |||| 00| 0 eng d
020 ## - INTERNATIONAL STANDARD BOOK NUMBER
International Standard Book Number 0333442830
050 ## - LIBRARY OF CONGRESS CALL NUMBER
Classification number HB139.K66
100 ## - MAIN ENTRY--PERSONAL NAME
Personal name Koutsoyiannis, A.
245 ## - TITLE STATEMENT
Title Theory of economics: an introductory exposition of econometric methods /
Statement of responsibility, etc. A. Koutsoyiannis
250 ## - EDITION STATEMENT
Edition statement 2nd ed.
260 ## - PUBLICATION, DISTRIBUTION, ETC.
Place of publication, distribution, etc. Houndmills:
Name of publisher, distributor, etc. Macmillan,
Date of publication, distribution, etc. c1977.
300 ## - PHYSICAL DESCRIPTION
Extent xvii, 681 p.:
Other physical details ill.
Dimensions 24cm.
500 ## - GENERAL NOTE
General note Includes bibliographical references and index.
505 ## - FORMATTED CONTENTS NOTE
Formatted contents note Contents: Correlation theory: The Simple linear regression model -- Econometric problems: Second-order tests of the assumptions of the linear regression model -- Models of simultaneous relationships.
650 ## - SUBJECT ADDED ENTRY--TOPICAL TERM
Topical term or geographic name entry element Econometrics.
942 ## - ADDED ENTRY ELEMENTS (KOHA)
Source of classification or shelving scheme Library of Congress Classification
Koha item type Books
Holdings
Withdrawn status Lost status Source of classification or shelving scheme Damaged status Not for loan Home library Current library Shelving location Date acquired Full call number Barcode Date last seen Copy number Price effective from Koha item type
    Library of Congress Classification     WISCONSIN INTERNATIONAL UNIVERSITY COLLEGE, GHANA - MAIN LIBRARY WISCONSIN INTERNATIONAL UNIVERSITY COLLEGE, GHANA - MAIN LIBRARY General Stacks 08/12/2011 HB139.K66 763/11 08/12/2011 1 08/12/2011 Books
    Library of Congress Classification     WISCONSIN INTERNATIONAL UNIVERSITY COLLEGE, GHANA - MAIN LIBRARY WISCONSIN INTERNATIONAL UNIVERSITY COLLEGE, GHANA - MAIN LIBRARY   27/01/2022 HB139.K661 8868/319/20 27/01/2022 2 27/01/2022 Books
    Library of Congress Classification     WISCONSIN INTERNATIONAL UNIVERSITY COLLEGE, GHANA - MAIN LIBRARY WISCONSIN INTERNATIONAL UNIVERSITY COLLEGE, GHANA - MAIN LIBRARY Reference 27/01/2022 HB139.K662 8869/320/20 27/01/2022 3 27/01/2022 Books
    Library of Congress Classification     WISCONSIN INTERNATIONAL UNIVERSITY COLLEGE, GHANA - MAIN LIBRARY WISCONSIN INTERNATIONAL UNIVERSITY COLLEGE, GHANA - MAIN LIBRARY Reference 27/01/2022 HB139.K663 8870/321/20 27/01/2022 4 27/01/2022 Books

If you have any concerns or questions; kindly contact the library


© Powered by WIUC ICT DIRECTORATE